| 000 | 00536nam a22001937a 4500 | ||
|---|---|---|---|
| 003 | CEME | ||
| 005 | 20210628202951.0 | ||
| 008 | 210105b xxu||||| |||| 00| 0 eng d | ||
| 020 | _a9788131714744 | ||
| 040 | _c. | ||
| 082 | _a005.133-C++ WEI | ||
| 100 |
_aWeiss, Mark Allen _958696 |
||
| 245 | _aData structures and algorithm analysis in c++ | ||
| 250 | _a3RD | ||
| 260 |
_aINDIA _bPEARSON EDUCATION _c2013 |
||
| 300 | _a606P | ||
| 650 |
_aTEXTBOOK-DCE.DATA STRUCTURES AND ALGORITHM ANALYSIS IN C++ _962608 |
||
| 942 |
_cBK _2ddc _01 |
||
| 999 |
_c571670 _d571670 |
||